00430nam a2200157Ia 450000500170000000800410001704000190005804100120007708200170008910000290010624500490013526000280018430000110021265000390022385000100026220230328102822.0131103s9999 xx 000 0 und d aLoreto College aEnglish a891.443bMUK aMukhopaddhyay, Sirshendu aNirbachito pochishcshisshendu, Mukhopadhyay aCalcuttabSangbadc1394 a317p.  aBengali literature - Short stories aLCLIB